PL Managers in charge for most games - Statistics

General Stats
  • This quiz has been taken 43 times
  • The average score is 5 of 12
Answer Stats
Games Answer % Correct
790 Wenger
100%
810 Ferguson
97%
499 Moyes
69%
430 Allardyce
61%
310 Pulis
61%
639 Redknapp
50%
393 Bruce
39%
421 Hughes
39%
359 O'Neill
14%
319 Souness
8%
328 Curbishley
3%
302 Kinnear
0%
No matching quizzes found
Score Distribution
Percent of People with Each Score
Percentile by Number Answered
Your Score History
You have not taken this quiz